000 01159cam a22003377a 4500
003 CHAP
005 20220329135559.0
008 971013s1995 r 00010 d
010 _a38822
011 _a39794
035 _a43919
040 _cCHAP
090 _aTesis
100 0 0 _aCuna Avila, Baldomero.
_930434
245 1 3 _aLa ley forestal 1992 y sus efectos en el clandestinaje y la industria, estudio de caso.
260 _aChapingo, Méx. :
_bEl autor,
_c1995
300 _a87 h.
502 _aTesis (Ing. Agr. Esp. en Bosques) -- UACH. División de Ciencias Forestales
590 _aALEPH
_b10
_c20130110
_lUCH01
_h1305
590 _aBATCH-UPD
_b10
_c20130110
_lUCH01
_h2129
590 _aBATCH-UPD
_b10
_c20130410
_lUCH01
_h1439
590 _aBATCH-UPD
_b10
_c20130914
_lUCH01
_h0712
590 _aCONVERSION
_b10
_c20130109
_lUCH01
_h1322
650 1 4 _aBosques
_xLeyes
_xMichoacán.
_914329
650 1 4 _aIndustrias forestales
_zMichoacán.
_958005
650 1 4 _aPolítica forestal
_xMichoacán.
_990587
901 _aBK
942 _cFOLL
949 _bBC
_cTES
_d-100511
_eTS1
_h27418
_i43919
_si
949 _bBC
_cTES
_d-100512
_eTS2
_fc.2
_h27419
_i43919
_si
999 _c38822
_d38822